[Event "Eastern Asia-ch U20"]
[Site "Tagaytay CIty"]
[Date "2017.05.30"]
[Round "4.6"]
[White "Kamalsyah, Muhammad"]
[Black "Mordido, Justine Diego"]
[Result "1-0"]
[WhiteElo "1879"]
[BlackElo "1715"]
[PlyCount "103"]
[EventDate "2017.05.27"]
[EventType "swiss"]
[EventRounds "9"]
[EventCountry "PHI"]
[SourceTitle "EXT 2024"]
[Source "ChessBase"]
[SourceDate "2023.10.10"]
[SourceVersion "1"]
[SourceVersionDate "2023.10.10"]
[SourceQuality "1"]

1. Nf3 Nf6 2. g3 g6 3. Bg2 Bg7 4. 0-0 0-0 5. d4 d5 6. c4 c6 7. Ne5 Be6 8. Qb3 Qb6 9. c5 Qxb3 10. axb3 Na6 11. Nxc6 bxc6 12. Rxa6 Bd7 13. Nc3 Rfb8 14. Ra3 Rb7 15. Bd2 Ne8 16. e3 e6 17. Rfa1 Nc7 18. Ne2 f5 19. b4 Bf6 20. Bc3 Kf7 21. Nc1 Bd8 22. Nd3 Bf6 23. Bf1 Ke8 24. Nc1 Bd8 25. Nb3 Kf7 26. f3 Bg5 27. Kf2 Kg7 28. Bd3 h5 29. Ra4 Kh7 30. e4 Kg7 31. h4 Bh6 32. e5 Kf7 33. Ke2 Ke7 34. Bd2 Bxd2 35. Nxd2 Kf7 36. Ke3 Kg7 37. Nb1 Kf7 38. Nc3 Ke7 39. Kf4 Kf7 40. Kg5 Kg7 41. Ne2 Be8 42. Nf4 Bf7 43. g4 Kh7 44. gxh5 gxh5 45. Nh3 Ne8 46. Kf4 Ng7 47. Ng5+ Kh6 48. Ke3 Bg6 49. f4 Be8 50. Kd2 Rab8 51. Ke3 a5 52. b5 1-0

[Event "Eastern Asia-ch U20"]
[Site "Tagaytay CIty"]
[Date "2017.05.28"]
[Round "2.7"]
[White "Kamalsyah, Muhammad"]
[Black "Labanda, Jarvey"]
[Result "1-0"]
[WhiteElo "1879"]
[BlackElo "1761"]
[PlyCount "113"]
[EventDate "2017.05.27"]
[EventType "swiss"]
[EventRounds "9"]
[EventCountry "PHI"]
[SourceTitle "EXT 2024"]
[Source "ChessBase"]
[SourceDate "2023.10.10"]
[SourceVersion "1"]
[SourceVersionDate "2023.10.10"]
[SourceQuality "1"]

1. d4 d5 2. Nf3 Nf6 3. g3 Bf5 4. Bg2 e6 5. 0-0 c5 6. c4 Nc6 7. cxd5 Nxd5 8. Nc3 Nxc3 9. bxc3 Be7 10. Qa4 0-0 11. dxc5 Bxc5 12. Nh4 Rc8 13. Nxf5 exf5 14. Rb1 Qe7 15. Qb5 Bb6 16. Qxf5 Na5 17. Be4 g6 18. Qf3 Qe5 19. Bd3 Nc4 20. Qxb7 Qxc3 21. Bh6 Rfd8 22. Rfc1 Nd6 23. Rxc3 Nxb7 24. Rxc8 Rxc8 25. Ba6 Rc7 26. Rd1 Re7 27. Bg5 Re5 28. Bf4 Re7 29. Kg2 Nc5 30. Bc4 Ne4 31. f3 Nc3 32. Rd2 Nb1 33. Rb2 Nc3 34. Bd3 Nd1 35. Rd2 Ne3+ 36. Kh3 Kg7 37. Bb5 Kf6 38. Rd6+ Kg7 39. Bg5 Re6 40. Rxe6 fxe6 41. g4 e5 42. Be7 Kf7 43. Bb4 Kf6 44. Bc3 Nd5 45. Bd2 Ne3 46. Bd3 h6 47. Bb4 Nd5 48. Bf8 Nf4+ 49. Kg3 h5 50. h4 Be3 51. Bc4 g5 52. gxh5 gxh4+ 53. Kxh4 Bf2+ 54. Kg4 Ng2 55. Bd3 Ne3+ 56. Kh3 Kf7 57. Bd6 1-0

[Event "Eastern Asia-ch U20"]
[Site "Tagaytay CIty"]
[Date "2017.05.27"]
[Round "1.2"]
[White "Bersamina, Paulo"]
[Black "Kamalsyah, Muhammad"]
[Result "1/2-1/2"]
[WhiteElo "2419"]
[BlackElo "1879"]
[PlyCount "109"]
[EventDate "2017.05.27"]
[EventType "swiss"]
[EventRounds "9"]
[EventCountry "PHI"]
[SourceTitle "EXT 2024"]
[Source "ChessBase"]
[SourceDate "2023.10.10"]
[SourceVersion "1"]
[SourceVersionDate "2023.10.10"]
[SourceQuality "1"]

1. e4 c5 2. Nc3 Nc6 3. Bb5 g6 4. Bxc6 dxc6 5. b3 Bg7 6. Bb2 Nf6 7. d3 e5 8. h3 Qe7 9. Nf3 Bd7 10. Qd2 0-0 11. 0-0-0 Ne8 12. g4 Nc7 13. Ne2 a5 14. a4 b5 15. Ba3 Rfb8 16. Qe3 Na6 17. Kd2 Be6 18. Rb1 Nb4 19. Rhc1 Rd8 20. Ke1 Rab8 21. Kf1 h5 22. gxh5 Bxh3+ 23. Kg1 gxh5 24. Kh2 Bg4 25. Bxb4 axb4 26. Ng3 Qf6 27. Nf5 bxa4 28. bxa4 Bxf5 29. exf5 Qxf5 30. Rg1 Qf4+ 31. Qxf4 exf4 32. Rg5 Rd5 33. Rbg1 Rxg5 34. Rxg5 Ra8 35. Nh4 Kf8 36. Rxc5 Rxa4 37. Rxc6 Bc3 38. Nf5 Ke8 39. Rc4 Ra2 40. Re4+ Kd7 41. Nd4 Kd6 42. Nb5+ Kd5 43. Nc7+ Kd6 44. Nb5+ Kd7 45. Nd4 Kd6 46. Nb5+ Kd7 47. Nd4 Kd6 48. Nb5+ Kd5 49. Nc7+ Kc6 50. Rc4+ Kd7 51. Nd5 Rxc2 52. Kg2 Rd2 53. Nxc3 bxc3 54. Rxc3 h4 55. Rc4 1/2-1/2